[Event "DVM U12 2024"]
[Site "Heidelberg GER"]
[Date "2024.12.27"]
[Round "1"]
[White "Heins, Simon"]
[Black "Boroshnev, Dmytro"]
[Result "1-0"]
[Termination "normal"]
[Board "8.1"]
[WhiteElo "1708"]
[BlackElo "1624"]
[WhiteClock "00:46:55"]
[BlackClock "00:16:33"]
[WhiteTeam "Hamburger SK 1830"]
[BlackTeam "SC Turm Erfurt"]
[PlyCount "119"]
[WhiteFideId "34660194"]
[BlackFideId "34163611"]
[EventCountry "GER"]
[EventRounds "7"]
[EventType "team-swiss"]
[EventDate "2024.12.26"]

1. e4 {[%clk 01:30:59]} c5 {[%clk 01:30:47]} {[%emt 00:00:13]} 2. Nf3 {[%clk
01:31:17]} {[%emt 00:00:12]} d6 {[%clk 01:31:13]} {[%emt 00:00:05]} 3. d4
{[%clk 01:31:40]} {[%emt 00:00:07]} cxd4 {[%clk 01:31:39]} {[%emt 00:00:02]} 4.
Nxd4 {[%clk 01:32:01]} {[%emt 00:00:09]} a6 {[%clk 01:32:05]} {[%emt 00:00:05]}
5. c4 {[%clk 01:30:55]} {[%emt 00:01:35]} Nf6 {[%clk 01:26:24]} {[%emt
00:06:10]} 6. Nc3 {[%clk 01:29:49]} {[%emt 00:01:36]} Nc6 {[%clk 01:22:29]}
{[%emt 00:04:25]} 7. f3 {[%clk 01:24:13]} {[%emt 00:06:07]} Bd7 {[%clk
01:09:28]} {[%emt 00:13:31]} 8. Be3 {[%clk 01:22:07]} {[%emt 00:02:36]} Nxd4
{[%clk 01:04:46]} {[%emt 00:05:12]} 9. Bxd4 {[%clk 01:22:21]} {[%emt 00:00:17]}
e5 {[%clk 01:04:25]} {[%emt 00:00:52]} 10. Be3 {[%clk 01:22:15]} {[%emt
00:00:34]} Rc8 {[%clk 01:03:50]} {[%emt 00:01:06]} 11. Be2 {[%clk 01:20:52]}
{[%emt 00:01:53]} Be7 {[%clk 01:03:29]} {[%emt 00:00:52]} 12. O-O {[%clk
01:20:59]} {[%emt 00:00:22]} Be6 {[%clk 00:56:49]} {[%emt 00:07:10]} 13. Nd5
{[%clk 01:17:19]} {[%emt 00:04:10]} Bxd5 {[%clk 00:56:56]} {[%emt 00:00:22]}
14. cxd5 {[%clk 01:17:33]} {[%emt 00:00:16]} O-O {[%clk 00:56:49]} {[%emt
00:00:38]} 15. a4 {[%clk 01:17:23]} {[%emt 00:00:40]} Qd7 {[%clk 00:48:55]}
{[%emt 00:08:24]} 16. a5 {[%clk 01:15:27]} {[%emt 00:02:27]} Ne8 {[%clk
00:47:06]} {[%emt 00:02:18]} 17. f4 {[%clk 01:10:22]} {[%emt 00:05:36]} Nf6
{[%clk 00:42:02]} {[%emt 00:05:33]} 18. fxe5 {[%clk 01:09:16]} {[%emt
00:01:38]} dxe5 {[%clk 00:41:15]} {[%emt 00:01:14]} 19. Rxf6 {[%clk 01:02:30]}
{[%emt 00:07:17]} Bxf6 {[%clk 00:41:06]} {[%emt 00:00:39]} 20. Bg4 {[%clk
01:02:54]} {[%emt 00:00:06]} Qb5 {[%clk 00:37:44]} {[%emt 00:03:52]} 21. Bxc8
{[%clk 01:03:06]} {[%emt 00:00:18]} Rxc8 {[%clk 00:38:06]} {[%emt 00:00:08]}
22. Qd2 {[%clk 01:01:09]} {[%emt 00:02:26]} Bd8 {[%clk 00:35:05]} {[%emt
00:03:32]} 23. d6 {[%clk 00:56:37]} {[%emt 00:05:02]} Qd7 {[%clk 00:26:08]}
{[%emt 00:09:28]} 24. Qd5 {[%clk 00:49:48]} {[%emt 00:07:18]} Rc6 {[%clk
00:22:11]} {[%emt 00:04:29]} 25. Rd1 {[%clk 00:49:33]} {[%emt 00:00:45]} Qe6
{[%clk 00:19:48]} {[%emt 00:02:50]} 26. d7 {[%clk 00:43:58]} {[%emt 00:06:07]}
Qxd5 {[%clk 00:15:36]} {[%emt 00:04:41]} 27. Rxd5 {[%clk 00:44:20]} {[%emt
00:00:10]} f6 {[%clk 00:15:51]} {[%emt 00:00:15]} 28. Bb6 {[%clk 00:44:21]}
{[%emt 00:00:29]} Rxb6 {[%clk 00:16:10]} {[%emt 00:00:11]} 29. axb6 {[%clk
00:44:45]} {[%emt 00:00:06]} Kf7 {[%clk 00:16:35]} {[%emt 00:00:03]} 30. Kf1
{[%clk 00:44:27]} {[%emt 00:00:48]} Ke6 {[%clk 00:16:48]} {[%emt 00:00:18]} 31.
Ke2 {[%clk 00:44:37]} {[%emt 00:00:20]} Ke7 {[%clk 00:16:10]} {[%emt 00:01:08]}
32. Rd3 {[%clk 00:44:28]} {[%emt 00:00:38]} h6 {[%clk 00:15:18]} {[%emt
00:01:23]} 33. g4 {[%clk 00:44:34]} {[%emt 00:00:23]} Ke6 {[%clk 00:14:58]}
{[%emt 00:00:51]} 34. h4 {[%clk 00:44:03]} {[%emt 00:01:00]} a5 {[%clk
00:14:32]} {[%emt 00:00:57]} 35. h5 {[%clk 00:43:21]} {[%emt 00:01:12]} Ke7
{[%clk 00:14:42]} {[%emt 00:00:21]} 36. Kd1 {[%clk 00:43:23]} {[%emt 00:00:28]}
Ke6 {[%clk 00:14:33]} {[%emt 00:00:39]} 37. Kc2 {[%clk 00:43:36]} {[%emt
00:00:15]} Ke7 {[%clk 00:14:19]} {[%emt 00:00:45]} 38. Rd5 {[%clk 00:43:38]}
{[%emt 00:00:27]} Ke6 {[%clk 00:13:56]} {[%emt 00:00:55]} 39. Kb3 {[%clk
00:43:59]} {[%emt 00:00:08]} Ke7 {[%clk 00:14:21]} {[%emt 00:00:05]} 40. Ka4
{[%clk 00:44:24]} {[%emt 00:00:05]} Ke6 {[%clk 00:14:47]} {[%emt 00:00:05]} 41.
Kxa5 {[%clk 00:44:40]} {[%emt 00:00:14]} Ke7 {[%clk 00:14:57]} {[%emt
00:00:19]} 42. Kb5 {[%clk 00:44:31]} {[%emt 00:00:40]} Ke6 {[%clk 00:15:12]}
{[%emt 00:00:15]} 43. Kc5 {[%clk 00:44:30]} {[%emt 00:00:30]} Be7+ {[%clk
00:15:33]} {[%emt 00:00:10]} 44. Kb5 {[%clk 00:44:39]} {[%emt 00:00:20]} Bd8
{[%clk 00:15:58]} {[%emt 00:00:05]} 45. Rd3 {[%clk 00:44:47]} {[%emt 00:00:21]}
Ke7 {[%clk 00:15:44]} {[%emt 00:00:45]} 46. Kc5 {[%clk 00:45:06]} {[%emt
00:00:10]} Ke6 {[%clk 00:14:46]} {[%emt 00:01:28]} 47. Rd6+ {[%clk 00:45:31]}
{[%emt 00:00:05]} Kf7 {[%clk 00:14:29]} {[%emt 00:00:47]} 48. Kd5 {[%clk
00:45:55]} {[%emt 00:00:06]} Ke7 {[%clk 00:14:40]} {[%emt 00:00:20]} 49. b3
{[%clk 00:46:17]} {[%emt 00:00:07]} Kf7 {[%clk 00:14:46]} {[%emt 00:00:24]} 50.
Re6 {[%clk 00:46:38]} {[%emt 00:00:09]} Be7 {[%clk 00:14:54]} {[%emt 00:00:22]}
51. b4 {[%clk 00:46:58]} {[%emt 00:00:10]} Kf8 {[%clk 00:15:09]} {[%emt
00:00:15]} 52. b5 {[%clk 00:47:00]} {[%emt 00:00:29]} Kf7 {[%clk 00:15:27]}
{[%emt 00:00:11]} 53. Rd6 {[%clk 00:47:23]} {[%emt 00:00:07]} Bd8 {[%clk
00:15:42]} {[%emt 00:00:15]} 54. Re6 {[%clk 00:46:02]} {[%emt 00:01:50]} Be7
{[%clk 00:16:07]} {[%emt 00:00:07]} 55. Rxe7+ {[%clk 00:46:09]} {[%emt
00:00:23]} Kxe7 {[%clk 00:16:24]} {[%emt 00:00:13]} 56. d8=Q+ {[%clk 00:46:31]}
{[%emt 00:00:08]} Kxd8 {[%clk 00:16:44]} {[%emt 00:00:10]} 57. Kd6 {[%clk
00:46:55]} {[%emt 00:00:06]} Ke8 {[%clk 00:17:01]} {[%emt 00:00:13]} 58. Kc7
{[%clk 00:47:19]} {[%emt 00:00:06]} g6 {[%clk 00:16:13]} {[%emt 00:01:18]} 59.
Kxb7 {[%clk 00:46:50]} {[%emt 00:00:59]} f5 {[%clk 00:16:33]} {[%emt 00:00:10]}
60. Kc7 {[%clk 00:46:55]} {[%emt 00:00:25]} 1-0

[Event "DVM U12 2024"]
[Site "Heidelberg GER"]
[Date "2024.12.27"]
[Round "1"]
[White "Buff, Hannes"]
[Black "Menke, Raphael Wilhelm"]
[Result "0-1"]
[Termination "normal"]
[Board "8.2"]
[WhiteElo "1370"]
[BlackElo "1742"]
[WhiteClock "00:15:55"]
[BlackClock "00:54:10"]
[WhiteTeam "SC Turm Erfurt"]
[BlackTeam "Hamburger SK 1830"]
[PlyCount "80"]
[WhiteFideId "533014094"]
[BlackFideId "34621008"]
[EventCountry "GER"]
[EventRounds "7"]
[EventType "team-swiss"]
[EventDate "2024.12.26"]

1. e4 {[%clk 01:30:54]} {[%emt 00:00:04]} e5 {[%clk 01:30:58]} {[%emt
00:00:04]} 2. Nf3 {[%clk 01:31:11]} {[%emt 00:00:13]} Nc6 {[%clk 01:31:23]}
{[%emt 00:00:05]} 3. d4 {[%clk 01:31:32]} {[%emt 00:00:08]} exd4 {[%clk
01:31:46]} {[%emt 00:00:08]} 4. Bc4 {[%clk 01:31:53]} {[%emt 00:00:09]} Nf6
{[%clk 01:32:05]} {[%emt 00:00:11]} 5. O-O {[%clk 01:32:07]} {[%emt 00:00:16]}
Bc5 {[%clk 01:31:08]} {[%emt 00:01:28]} 6. Re1 {[%clk 01:28:43]} {[%emt
00:03:54]} d6 {[%clk 01:30:18]} {[%emt 00:01:19]} 7. c3 {[%clk 01:27:43]}
{[%emt 00:01:30]} dxc3 {[%clk 01:29:57]} {[%emt 00:00:51]} 8. Nxc3 {[%clk
01:28:04]} {[%emt 00:00:10]} O-O {[%clk 01:30:12]} {[%emt 00:00:15]} 9. Be3
{[%clk 01:24:21]} {[%emt 00:04:12]} Bxe3 {[%clk 01:30:19]} {[%emt 00:00:24]}
10. Rxe3 {[%clk 01:24:37]} {[%emt 00:00:14]} Ng4 {[%clk 01:30:44]} {[%emt
00:00:05]} 11. Rd3 {[%clk 01:24:38]} {[%emt 00:00:29]} Nge5 {[%clk 01:31:04]}
{[%emt 00:00:11]} 12. Nxe5 {[%clk 01:23:58]} {[%emt 00:01:09]} Nxe5 {[%clk
01:31:30]} {[%emt 00:00:04]} 13. Rd4 {[%clk 01:23:40]} {[%emt 00:00:49]} Qh4
{[%clk 01:31:33]} {[%emt 00:00:26]} 14. g3 {[%clk 01:18:37]} {[%emt 00:05:33]}
Qf6 {[%clk 01:28:31]} {[%emt 00:03:32]} 15. Be2 {[%clk 01:18:07]} {[%emt
00:01:00]} Nc6 {[%clk 01:20:15]} {[%emt 00:08:46]} 16. Ra4 {[%clk 01:10:22]}
{[%emt 00:08:16]} Be6 {[%clk 01:20:00]} {[%emt 00:00:44]} 17. Bc4 {[%clk
01:08:58]} {[%emt 00:01:55]} a6 {[%clk 01:19:42]} {[%emt 00:00:48]} 18. Bxe6
{[%clk 01:06:44]} {[%emt 00:02:39]} fxe6 {[%clk 01:19:46]} {[%emt 00:00:31]}
19. Qe2 {[%clk 01:01:30]} {[%emt 00:05:43]} b5 {[%clk 01:19:42]} {[%emt
00:00:34]} 20. e5 {[%clk 01:01:26]} {[%emt 00:00:35]} Nxe5 {[%clk 01:19:19]}
{[%emt 00:00:53]} 21. Ne4 {[%clk 00:59:49]} {[%emt 00:02:07]} Qg6 {[%clk
01:19:16]} {[%emt 00:00:33]} 22. Ra3 {[%clk 00:56:13]} {[%emt 00:04:07]} Qf5
{[%clk 01:17:57]} {[%emt 00:01:47]} 23. Rc3 {[%clk 00:50:42]} {[%emt 00:06:01]}
Rac8 {[%clk 01:17:02]} {[%emt 00:01:24]} 24. Rac1 {[%clk 00:49:52]} {[%emt
00:01:21]} Rcd8 {[%clk 01:09:23]} {[%emt 00:08:10]} 25. f4 {[%clk 00:43:45]}
{[%emt 00:06:37]} Nc4 {[%clk 01:05:29]} {[%emt 00:04:24]} 26. b3 {[%clk
00:42:32]} {[%emt 00:01:44]} Nb6 {[%clk 01:05:33]} {[%emt 00:00:26]} 27. Rxc7
{[%clk 00:41:15]} {[%emt 00:01:47]} Nd5 {[%clk 01:05:37]} {[%emt 00:00:25]} 28.
R7c6 {[%clk 00:37:09]} {[%emt 00:04:36]} Qg6 {[%clk 01:04:00]} {[%emt
00:02:05]} 29. Rxa6 {[%clk 00:34:51]} {[%emt 00:02:51]} Nxf4 {[%clk 01:04:07]}
{[%emt 00:00:23]} 30. Qe3 {[%clk 00:34:05]} {[%emt 00:01:15]} Qg4 {[%clk
00:59:19]} {[%emt 00:05:18]} 31. Rf1 {[%clk 00:23:08]} {[%emt 00:11:26]} Nh3+
{[%clk 00:53:38]} {[%emt 00:06:12]} 32. Kg2 {[%clk 00:22:14]} {[%emt 00:01:24]}
Rxf1 {[%clk 00:53:54]} {[%emt 00:00:14]} 33. Kxf1 {[%emt 00:00:25]} Rf8+ {[%emt
00:00:12]} 34. Kg2 {[%clk 00:21:03]} {[%emt 00:01:03]} d5 {[%clk 00:54:06]}
{[%emt 00:00:18]} 35. Nf6+ {[%clk 00:17:34]} {[%emt 00:03:59]} Rxf6 {[%clk
00:52:42]} {[%emt 00:01:54]} 36. Ra8+ {[%clk 00:16:37]} {[%emt 00:01:26]} Kf7
{[%clk 00:52:54]} {[%emt 00:00:18]} 37. Ra7+ {[%clk 00:16:41]} {[%emt
00:00:27]} Kg6 {[%clk 00:53:18]} {[%emt 00:00:05]} 38. Qd3+ {[%clk 00:16:49]}
{[%emt 00:00:22]} Kh6 {[%clk 00:53:40]} {[%emt 00:00:08]} 39. Qe3+ {[%clk
00:16:02]} {[%emt 00:01:17]} Ng5 {[%clk 00:53:51]} {[%emt 00:00:18]} 40. h4
{[%clk 00:15:55]} {[%emt 00:00:39]} Qh3+ {[%clk 00:54:10]} {[%emt 00:00:11]}
0-1

[Event "DVM U12 2024"]
[Site "Heidelberg GER"]
[Date "2024.12.27"]
[Round "1"]
[White "Winklmann, Alexander"]
[Black "Balthasar, Johann"]
[Result "0-1"]
[Termination "normal"]
[Board "8.3"]
[WhiteElo "1593"]
[BlackElo "1317"]
[WhiteClock "00:29:33"]
[BlackClock "01:14:00"]
[WhiteTeam "Hamburger SK 1830"]
[BlackTeam "SC Turm Erfurt"]
[PlyCount "99"]
[WhiteFideId "533001979"]
[BlackFideId "533015678"]
[EventCountry "GER"]
[EventRounds "7"]
[EventType "team-swiss"]
[EventDate "2024.12.26"]

1. e4 {[%clk 01:30:52]} {[%emt 00:00:07]} c5 {[%clk 01:30:54]} {[%emt
00:00:06]} 2. Nc3 {[%clk 01:31:13]} {[%emt 00:00:09]} d6 {[%clk 01:31:16]}
{[%emt 00:00:08]} 3. d4 {[%clk 01:31:38]} {[%emt 00:00:05]} cxd4 {[%clk
01:31:30]} {[%emt 00:00:16]} 4. Qxd4 {[%clk 01:32:02]} {[%emt 00:00:06]} Nc6
{[%clk 01:31:49]} {[%emt 00:00:12]} 5. Qd2 {[%clk 01:32:26]} {[%emt 00:00:06]}
Nf6 {[%clk 01:32:03]} {[%emt 00:00:15]} 6. b3 {[%clk 01:32:02]} {[%emt
00:00:55]} g6 {[%clk 01:32:25]} {[%emt 00:00:08]} 7. Bb2 {[%clk 01:32:07]}
{[%emt 00:00:25]} Bg7 {[%clk 01:32:35]} {[%emt 00:00:19]} 8. O-O-O {[%clk
01:32:27]} {[%emt 00:00:11]} O-O {[%clk 01:32:58]} {[%emt 00:00:07]} 9. Be2
{[%clk 01:31:26]} {[%emt 00:01:31]} Bd7 {[%clk 01:33:08]} {[%emt 00:00:20]} 10.
f3 {[%clk 01:31:44]} {[%emt 00:00:11]} a6 {[%clk 01:33:26]} {[%emt 00:00:12]}
11. g4 {[%clk 01:30:35]} {[%emt 00:01:39]} b5 {[%clk 01:32:52]} {[%emt
00:01:03]} 12. h4 {[%clk 01:29:38]} {[%emt 00:01:27]} h5 {[%clk 01:32:34]}
{[%emt 00:00:49]} 13. g5 {[%clk 01:27:30]} {[%emt 00:02:38]} Nh7 {[%clk
01:31:53]} {[%emt 00:01:09]} 14. f4 {[%clk 01:25:47]} {[%emt 00:02:15]} b4
{[%clk 01:31:53]} {[%emt 00:00:30]} 15. Nd5 {[%clk 01:25:42]} {[%emt 00:00:34]}
Qa5 {[%clk 01:31:34]} {[%emt 00:00:50]} 16. Kb1 {[%clk 01:24:39]} {[%emt
00:01:32]} Bxb2 {[%clk 01:31:36]} {[%emt 00:00:28]} 17. Kxb2 {[%clk 01:24:52]}
{[%emt 00:00:18]} Qc5 {[%clk 01:29:27]} {[%emt 00:02:39]} 18. Qe3 {[%clk
01:20:22]} {[%emt 00:04:56]} Qxe3 {[%emt 00:01:22]} 19. Nxe3 {[%emt 00:00:12]}
a5 {[%clk 01:28:19]} {[%emt 00:00:08]} 20. Nf3 {[%clk 01:18:07]} {[%emt
00:02:44]} a4 {[%clk 01:28:37]} {[%emt 00:00:13]} 21. Bb5 {[%clk 01:17:02]}
{[%emt 00:01:33]} axb3 {[%emt 00:01:04]} 22. cxb3 {[%emt 00:01:23]} Ra5 {[%clk
01:26:10]} {[%emt 00:00:30]} 23. Bc4 {[%clk 01:13:47]} {[%emt 00:03:45]} Rfa8
{[%clk 01:24:57]} {[%emt 00:01:44]} 24. Ra1 {[%clk 01:13:25]} {[%emt 00:00:52]}
e5 {[%clk 01:23:19]} {[%emt 00:02:08]} 25. f5 {[%clk 01:11:37]} {[%emt
00:02:17]} gxf5 {[%clk 01:21:55]} {[%emt 00:01:20]} 26. g6 {[%clk 01:09:19]}
{[%emt 00:03:23]} Nf6 {[%clk 01:21:23]} {[%emt 00:01:01]} 27. Bxf7+ {[%clk
01:01:20]} {[%emt 00:08:30]} Kg7 {[%clk 01:20:57]} {[%emt 00:00:56]} 28. Nc4
{[%clk 00:55:05]} {[%emt 00:06:45]} R5a6 {[%clk 01:20:01]} {[%emt 00:01:26]}
29. Nxd6 {[%clk 00:48:18]} {[%emt 00:07:17]} Nd4 {[%clk 01:20:16]} {[%emt
00:00:15]} 30. Nxd4 {[%clk 00:43:46]} {[%emt 00:05:02]} Rxd6 {[%clk 01:20:36]}
{[%emt 00:00:11]} 31. Nf3 {[%clk 00:41:27]} {[%emt 00:02:49]} fxe4 {[%clk
01:18:08]} {[%emt 00:02:57]} 32. Nxe5 {[%clk 00:40:09]} {[%emt 00:01:48]} Be6
{[%clk 01:17:27]} {[%emt 00:01:12]} 33. Rad1 {[%clk 00:37:50]} {[%emt
00:02:48]} Rad8 {[%clk 01:16:10]} {[%emt 00:01:48]} 34. Rxd6 {[%clk 00:32:40]}
{[%emt 00:05:38]} Rxd6 {[%clk 01:16:39]} {[%emt 00:00:03]} 35. Rc1 {[%clk
00:30:16]} {[%emt 00:02:54]} Rd2+ {[%clk 01:16:38]} {[%emt 00:00:31]} 36. Rc2
{[%clk 00:30:26]} {[%emt 00:00:20]} Rxc2+ {[%clk 01:15:10]} {[%emt 00:01:59]}
37. Kxc2 {[%clk 00:30:26]} {[%emt 00:00:29]} Ng4 {[%clk 01:15:02]} {[%emt
00:00:35]} 38. Nxg4 {[%clk 00:30:42]} {[%emt 00:00:18]} Bxg4 {[%clk 01:15:25]}
{[%emt 00:00:06]} 39. Kd2 {[%clk 00:30:29]} {[%emt 00:00:44]} Bd7 {[%clk
01:12:17]} {[%emt 00:03:37]} 40. Bd5 {[%clk 00:29:30]} {[%emt 00:01:29]} Kxg6
{[%clk 01:12:20]} {[%emt 00:00:29]} 41. Bxe4+ {[%clk 00:29:51]} {[%emt
00:00:08]} Bf5 {[%clk 01:12:48]} {[%emt 00:00:02]} 42. Ke3 {[%clk 00:29:39]}
{[%emt 00:00:42]} Kf6 {[%clk 01:13:02]} {[%emt 00:00:17]} 43. Kf4 {[%clk
00:29:40]} {[%emt 00:00:29]} Bxe4 {[%clk 01:13:01]} {[%emt 00:00:31]} 44. Kxe4
{[%clk 00:30:04]} {[%emt 00:00:06]} Ke6 {[%clk 01:12:27]} {[%emt 00:01:03]} 45.
Kf4 {[%clk 00:29:48]} {[%emt 00:00:46]} Kd5 {[%clk 01:12:50]} {[%emt 00:00:08]}
46. Kf5 {[%clk 00:29:35]} {[%emt 00:00:43]} Kd4 {[%clk 01:13:00]} {[%emt
00:00:20]} 47. Kf4 {[%clk 00:29:09]} {[%emt 00:00:56]} Kc3 {[%clk 01:13:18]}
{[%emt 00:00:12]} 48. Ke3 {[%clk 00:29:18]} {[%emt 00:00:21]} Kb2 {[%clk
01:13:38]} {[%emt 00:00:10]} 49. Kd4 {[%clk 00:29:30]} {[%emt 00:00:18]} Kxa2
{[%clk 01:14:00]} {[%emt 00:00:08]} 50. Kc4 {[%clk 00:29:33]} {[%emt 00:00:27]}
0-1